000 00782nmc a2200289 a 4500
003 AR-BaBNM
005 20251128211225.0
008 153020s1994 ||||||||||||||000 | spa||
020 _a950-9350-14-1
040 _cAR-BaBNM
100 1 _aGallardo, José María Alfonso Félix
_d1925-
245 1 0 _aAnfibios y reptiles
_brelatos y leyendas, etimología, usos y abusos
250 _a1ª ed.
260 _aBuenos Aires
_bLibrería Agropecuaria
_c1994
300 _a161, [1] p.
_bil., láms.
490 0 _aBiblioteca Mosaico
504 _aBibliografía al final del volumen
650 4 _aZOOLOGIA
650 4 _aFAUNA
650 4 _aANFIBIOS
650 4 _aREPTILES
650 4 _aLEYENDAS
650 4 _aFOLKLORE
651 4 _aArgentina
942 _cBK
998 _cLaura
999 _c18795
_d18795